000 00244 a2200109 4500
001 63389
082 _a669 ALE
090 _c37440
_d37440
100 _aAlexander, W
245 _aMetals in the Service of Man
_hEnglish
260 _bPenguin Books
942 _aCAE NUST
_k669 ALE
999 _c298462
_d298462